Nguyên lý kế toán : Sách chuyên khảo
Nội dung biên soạn trên cơ sở tham khảo Luật kế toán, các chuẩn mực kế toán, các Thông tư hướng dẫn thực hiện chuẩn mực kế toán; các quy định mới nhất về kế toán, thuế GTGT, thuế TNDN cũng như các quy định quản lý tài chính hiện hành...
Na minha lista:
| Autor principal: | |
|---|---|
| Formato: | Livro |
| Idioma: | Undetermined |
| Publicado em: |
Cần Thơ
Đại học Cần Thơ
2018
|
| Assuntos: | |
| Tags: |
Adicionar Tag
Sem tags, seja o primeiro a adicionar uma tag!
|
| Thư viện lưu trữ: | Trung tâm Học liệu Trường Đại học Cần Thơ |
|---|
| LEADER | 00990nam a2200217Ia 4500 | ||
|---|---|---|---|
| 001 | CTU_224931 | ||
| 008 | 210402s9999 xx 000 0 und d | ||
| 020 | |c 85000 | ||
| 082 | |a 657 | ||
| 082 | |b Th523 | ||
| 100 | |a Nguyễn, Thị Thanh Thủy | ||
| 245 | 0 | |a Nguyên lý kế toán : | |
| 245 | 0 | |b Sách chuyên khảo | |
| 245 | 0 | |c Nguyễn Thị Thanh Thủy (Chủ biên) | |
| 260 | |a Cần Thơ | ||
| 260 | |b Đại học Cần Thơ | ||
| 260 | |c 2018 | ||
| 520 | |a Nội dung biên soạn trên cơ sở tham khảo Luật kế toán, các chuẩn mực kế toán, các Thông tư hướng dẫn thực hiện chuẩn mực kế toán; các quy định mới nhất về kế toán, thuế GTGT, thuế TNDN cũng như các quy định quản lý tài chính hiện hành. | ||
| 650 | |a Accounting,Kế toán | ||
| 904 | |i Tuyến | ||
| 980 | |a Trung tâm Học liệu Trường Đại học Cần Thơ | ||